| 000 | 00496nam a2200169Ia 4500 | ||
|---|---|---|---|
| 999 |
_c238 _d238 |
||
| 003 | OSt | ||
| 005 | 20210818123534.0 | ||
| 008 | 190216s9999||||xx |||||||||||||| ||und|| | ||
| 040 | _coclc | ||
| 082 |
_a297 _bKHA/U |
||
| 100 |
_aKhan, Moulana Waheedudheen _92006 |
||
| 245 | 0 |
_aUseful Reference In Arabic And Islamic / _cMoulana Waheedudheen Khan |
|
| 260 |
_bAl Hind Book Stall, _aCalicut: |
||
| 300 | _a66p | ||
| 650 | _aArabic | ||
| 942 |
_cBK _2ddc _h297 _iKHA/U _k297 _mKHA/U |
||